| 000 | 00425 a2200157 4500 | ||
|---|---|---|---|
| 001 | 155247 | ||
| 040 | _cEscola São Tomás de Aquino | ||
| 100 | _aCATINO, Georgina Mendieta de | ||
| 240 | 1 | 0 |
_aEspanhol para o ensino médio _lpor |
| 245 | 1 | 0 | _aEspanhol para o ensino médio |
| 300 | _a431 | ||
| 362 | 0 | _a2008 | |
| 440 | 1 | _aScipione | |
| 697 | _aSistemas de escrita, fonologia, fonética da norma espanhola | ||
| 942 | _cBK | ||
| 999 |
_c155247 _d155247 |
||